MARC details
| 000 -CABECERA |
| campo de control de longitud fija |
02373nam a2200313 i 4500 |
| 003 - IDENTIFICADOR DEL NÚMERO DE CONTROL |
| campo de control |
DO-SdBNP |
| 005 - FECHA Y HORA DE LA ÚLTIMA TRANSACCIÓN |
| campo de control |
20250812073540.0 |
| 007 - CAMPO FIJO DE DESCRIPCIÓN FÍSICA--INFORMACIÓN GENERAL |
| campo de control de longitud fija |
ta |
| 008 - DATOS DE LONGITUD FIJA--INFORMACIÓN GENERAL |
| campo de control de longitud fija |
250812t2025 dr o 000 0 spa d |
| 020 ## - NÚMERO INTERNACIONAL ESTÁNDAR DEL LIBRO |
| ISBN cancelado o inválido |
9789945656442 |
| 040 ## - FUENTE DE LA CATALOGACIÓN |
| Centro catalogador/agencia de origen |
DO-SdBNP |
| Lengua de catalogación |
spa |
| Centro/agencia transcriptor |
BNPHU |
| Normas de descripción |
rda |
| 041 ## - CÓDIGO DE LENGUA |
| Código de lengua del texto/banda sonora o título independiente |
spa |
| 082 ## - NÚMERO DE LA CLASIFICACIÓN DECIMAL DEWEY |
| Número de clasificación |
xxxx |
| Número de documento/Ítem |
T233 |
| Número de edición |
22 |
| 100 1# - ENTRADA PRINCIPAL--NOMBRE DE PERSONA |
| Nombre de persona |
Taveras, Lourdes |
| Término indicativo de función/relación |
autora |
| Código de función/relación |
aut. |
| 9 (RLIN) |
26602 |
| 245 14 - MENCIÓN DE TÍTULO |
| Título |
Las Guáranas / |
| Mención de responsabilidad, etc. |
Lourdes Taveras |
| 246 14 - FORMA VARIANTE DE TÍTULO |
| Título propio/Titulo breve |
Las Guáranas : |
| Resto del título |
historia del Municiìo de Las Guáranas y sus inicios desde 1887 / |
| 250 ## - MENCIÓN DE EDICIÓN |
| Mención de edición |
Primera edición |
| 264 #1 - PRODUCCIÓN, PUBLICACIÓN, DISTRIBUCIÓN, FABRICACIÓN Y COPYRIGHT |
| Producción, publicación, distribución, fabricación y copyright |
Santo Domingo : |
| Nombre del de productor, editor, distribuidor, fabricante |
Imprenta Primo, |
| Fecha de producción, publicación, distribución, fabricación o copyright |
2025. |
| 300 ## - DESCRIPCIÓN FÍSICA |
| Extensión |
83 páginas |
| Dimensiones |
24 cm. |
| 336 ## - TIPO DE CONTENIDO |
| Término de tipo de contenido |
texto |
| Código de tipo de contenido |
txt |
| Fuente |
rdacontent |
| 337 ## - TIPO DE MEDIO |
| Nombre/término del tipo de medio |
sin mediación |
| Código del tipo de medio |
n |
| Fuente |
rdamedia |
| 338 ## - TIPO DE SOPORTE |
| Nombre/término del tipo de soporte |
volumen |
| Código del tipo de soporte |
nc |
| Fuente |
rdacarrier |
| 500 ## - NOTA GENERAL |
| Nota general |
En la cubierta del libro, hay un error de impresión en el año de los inicios que dice 18887. |
| 505 0# - NOTA DE CONTENIDO CON FORMATO |
| Título |
Prólogo -- Fundación de Las Guáranas -- Dinámica y desarrollo -- Manuel María Ventura Tovar -- Regresando a los inicios -- Nace un nuevo sector -- Bienvenida Ventura (Biencita) -- Nace el sector de Aguas Vivas -- El Canal -- Nace el sector La Factoría -- Sector Iglesias -- Los Rivera y Cuca -- Los veinte. Nace otro sector -- Así nos relató José Mendoza -- Arte y cultura -- Cultura popular -- Tiempos diferentes -- Luis Capellán y los Capellán -- José Ramón Ventura (Pichiro) -- Roberto Antonio -- El Aforrao Compaíto -- Don Emiliano y Doña Nieves -- La Chispa, sus artesanías y vida -- Alfredo Pérez (alias Pichao) -- Bruna y Campion -- La educación -- 1966-67-68 -- Alfredo Ureña inolvidable profesor -- No menos fue doña Esperanza Gil de Canals -- Doña Flora Salazar -- Doña Zoraida Paula de Martínez -- Teresa Collado Peralta -- Salud -- Ursina Gómez (Niní) -- Nuestra Fe Católica -- Don Antonio Matías -- Francisco Monegro (Billín) -- Delio Ramón Ventura (Neno Lora) y Ramona Ventura su esposa -- Inocencio Semo -- Irenita -- Autoridad Municipal -- El hombre del Certificó qué -- Agradecimientos -- Conclusión / |
| 520 ## - SUMARIO, ETC. |
| Sumario, etc. |
Las Guáranas, un rincón lleno de encanto y maravillas que nos brinda República Dominicana. Debe su nombre a unas plantas de guáranas que se encontraban en un monte cercano al pueblo. Esta zona comenzó a ser habitada para el siglo XIX. |
| 590 ## - NOTA LOCAL (RLIN) |
| Nota local |
Inventariado, 2025/ YL |
| 910 ## - DATOS DE OPCIÓN DEL USUARIO (OCLC) |
| Datos de opción del usuario |
YLockward |
| 942 ## - ELEMENTOS DE PUNTO DE ACCESO ADICIONAL (KOHA) |
| Fuente del sistema de clasificación o colocación |
Dewey Decimal Classification |
| Tipo de ítem Koha |
Libro |